| 000 | 00000nam##2200000za#4500 |
| 001 | 9.604025 |
| 003 | CaOODSP |
| 005 | 20260128153020 |
| 007 | cr ||||||||||| |
| 008 | 150406|1996||||xxc|||||o f|0| 0 fre|d |
| 022 | |a1488-545X |
| 040 | |aCaOODSP|bfre |
| 043 | |an-cn--- |
| 086 | 1 |aFs97-6/2117F-PDF |
| 110 | 2 |aInstitut Maurice-Lamontagne. |
| 245 | 10|aEstimation d'un indice d'abondance de la population de bélugas du Saint-Laurent en 1995 / |h[ressource électronique]|c[par] Michael C.S. Kingsley. |
| 260 | |aMont-Joli - Québec : |bPêches et Océans Canada. |c1996. |
| 300 | |a50p.|bgraphiques, cartes, références, tableaux |
| 490 | 1 |aRapport technique canadien des sciences halieutiques et aquatiques|x1488-545X|vN° 2117 |
| 500 | |aLe n° de catalogue (Fs97-6/2117) et l'ISSN (0706-6570) copiés dans cette édition électronique sont incorrects. |
| 546 | |a(Abstract in English.) |
| 590 | |a12-23-Supp|b2012-05-28 |
| 720 | 1 |aKingsley, Michael C.S. |
| 775 | 08|tPopulation index estimate for the belugas of the St. Lawrence in 1995 / |w(CaOODSP)9.574085 |
| 776 | 0#|tEstimation d'un indice d'abondance de la population de bélugas du Saint-Laurent en 1995 / |w(CaOODSP)9.624244 |
| 830 | #0|aRapport technique canadien des sciences halieutiques et aquatiques,|x1488-545X|vN° 2117|w(CaOODSP)9.500867 |
| 856 | 40|ahttp://publications.gc.ca|qPDF|s2.04 Mo|uhttps://publications.gc.ca/collections/collection_2012/mpo-dfo/Fs97-6-2117-fra.pdf|yN° 2117 |